| 000 | 00000nas 2200000za 4500 |
| 001 | 9.504925 |
| 003 | CaOODSP |
| 005 | 20200325111830 |
| 007 | cr ||||||||||| |
| 008 | 150406d20052006xxc|| m o||||f| |0eng|d |
| 040 | |aCaOODSP|beng |
| 043 | |an-cn--- |
| 086 | 1 |aBT31-2/2006-IIIE-PDF |
| 110 | 1 |aCanada. |bTreasury Board. |
| 245 | 10|a2005-2006 estimates. Part III, Report on plans and priorities |h[electronic resource] |
| 260 | |aOttawa - Ontario : |bTreasury Board of Canada Secretariat |c2005. |
| 310 | |aAnnual |
| 520 | 3 |aReports on Plans and Priorities (RPPs) are individual expenditure plans for each department and agency (excluding Crown corporations) for the 2005-2006 fiscal year. These reports contain information on the department’s objectives, initiatives and planned results, including links to related resource requirements over a three-year period. The RRP also provides details on human resource requirements, major capital projects, grants and contributions, and net program costs. |
| 690 | 07|aBudget planning|2gcpds |
| 690 | 07|aReports|2gcpds |
| 775 | 08|tBudget des dépenses 2005-2006. Partie III, Rapport sur les plans et les priorités |w(CaOODSP)9.501323 |
| 776 | 0#|t2005-2006 estimates. Part III, Report on plans and priorities |w(CaOODSP)9.511084 |
| 776 | 0#|tBudget des dépenses 2005-2006. Partie III, Rapport sur les plans et les priorités |w(CaOODSP)9.511085 |